The clash of ideologies and the continuing tragedy in the Batticaloa & Amparai District (Record no. 2540)

MARC details
000 -LEADER
fixed length control field 004760000a22001570004500
008 - FIXED-LENGTH DATA ELEMENTS--GENERAL INFORMATION
fixed length control field 230817t ||||| |||| 00| 0 eng d
027 ## - STANDARD TECHNICAL REPORT NUMBER
Report Number 7
082 ## - DEWEY DECIMAL CLASSIFICATION NUMBER
Classification number 730
Item number UTH
942 ## - ADDED ENTRY ELEMENTS (KOHA)
Item Type Reports
110 ## - MAIN ENTRY--CORPORATE NAME
Corporate Name University Teachers for human rights (Jaffna)
245 ## - TITLE STATEMENT
Title The clash of ideologies and the continuing tragedy in the Batticaloa & Amparai District
260 ## - PUBLICATION, DISTRIBUTION, ETC. (IMPRINT)
Place of Publication Colombo
Name of Publisher UTHR
Date of Copyright 1991
300 ## - PHYSICAL DESCRIPTION
Extent 76 p.
856 ## - ELECTRONIC LOCATION AND ACCESS
Uniform Resource Identifier <a href="https://noolaham.net/project/39/3821/3821.pdf">https://noolaham.net/project/39/3821/3821.pdf</a>
650 ## - SUBJECT ADDED ENTRY--TOPICAL TERM
Topical Term UTHR
Holdings
Withdrawn status Lost status Source of classification or shelving scheme Damaged status Not for loan Permanent location Current location Date acquired Total Checkouts Full call number Barcode Date last seen Price effective from Koha item type
    Dewey Decimal Classification     Resource center, Muslim Women's Research And Action Forum Resource center, Muslim Women's Research And Action Forum 2023-08-17   730 UTH RAF3685 2023-08-17 2023-08-17 Reports

Copyright © 2023 Muslim Women's Research and Action Forum (MWRAF), No 27/3, Anderson Road, Kalubowila, Dehiwela. Funded by The Asia Fundation